From bursar to school business manager : reengineering leadership for resource management /

School business management: the need for development. Launching development: analysing the tasks. Continuing development: case studies of effective practice. Future development...

Đã lưu trong:
Chi tiết về thư mục
Tác giả chính: O'Sullivan, Fergus.
Tác giả khác: Thody, Angela., Wood, Elizabeth.
Định dạng: Sách
Ngôn ngữ:English
Được phát hành: London : Financial Times/Prentice Hall, 2000.
Những chủ đề:
Các nhãn: Thêm thẻ
Không có thẻ, Là người đầu tiên thẻ bản ghi này!
Thư viện lưu trữ: Mạng thư viện Đại học Đà Nẵng
LEADER 01333cam a2200385 i 4500
001 000048114
003 7817
005 20041029134255.0
008 010319b2000 vm 000 eng
020 |a 0273643258 
040 |a IRC  |c IRC  |d IRC 
041 0 |a eng 
082 1 4 |a 371.20110941  |b OS-F 
100 1 |a O'Sullivan, Fergus. 
245 1 0 |a From bursar to school business manager :  |b reengineering leadership for resource management /  |c Fergus O'Sullivan, Angela Thody and Elizabeth Wood. 
260 |a London :  |b Financial Times/Prentice Hall,  |c 2000. 
300 |a xiv, 241 p. :  |b ill. ;  |c 23.5 cm. 
520 3 |a School business management: the need for development. Launching development: analysing the tasks. Continuing development: case studies of effective practice. Future development... 
630 0 4 |a Education. 
630 0 4 |a School management. 
650 0 4 |a School management and organization  |z Great Britain. 
650 0 4 |a Public schools  |z Great Britain  |x Business management. 
650 0 4 |a Bursars  |z Great Britain. 
700 1 |a Thody, Angela. 
700 1 |a Wood, Elizabeth. 
OWN |a DUT 
999 |a From the UDN01 
TYP |a Monograph 
TYP |a Printed language 
980 |a Mạng thư viện Đại học Đà Nẵng